The Magic of thinking big /
| Main Author: | |
|---|---|
| Format: | Book |
| Published: |
N.Y:
Simon,
1987.
|
| Subjects: |
| LEADER | 00501cam a2200193 7i4500 | ||
|---|---|---|---|
| 001 | 0000041072 | ||
| 005 | 20151104090000.0 | ||
| 005 | ##20151104152000.0 | ||
| 002 | ##000001253 | ||
| 003 | ##MY-KlINT | ||
| 008 | 151104 00010 eng | ||
| 020 | # | # | |a 0671646788 |
| 039 | # | 9 | |y 201511041520 |z VLOAD |
| 090 | 0 | 0 | |a 153.1534 SCH |
| 100 | 1 | # | |a Schwartz, David Joseph. |
| 245 | 0 | 4 | |a The Magic of thinking big / |c David Joseph Schwartz.. |
| 260 | # | # | |a N.Y: |b Simon, |c 1987. |
| 300 | # | # | |a 238 p.. |
| 650 | # | 0 | |a Motivation (Psychology) |